SA journal of linguistics : SA tydskrif vir taalkunde.
| New Title: | Southern African journal of applied language studies Southern African linguistics and applied language studies (Online) |
|---|---|
| Corporate Authors: | , |
| Format: | Journal |
| Language: | English Afrikaans |
| Language Notes: | In English or Afrikaans. |
| Published: |
Bloemfontein, South Africa :
Linguistic Society of Southern Africa,
1983-
|
| Subjects: | |
| Online Availability: |
|
MARC
| Tag | First Indicator | Second Indicator | Subfields |
|---|---|---|---|
| LEADER | 00000cas a2200000Ka 4500 | ||
| 001 | in00002787801 | ||
| 005 | 20151202171707.0 | ||
| 006 | m o d | ||
| 007 | cr ||||||||||| | ||
| 008 | 100811d19831999sa qr poo 0 0eng d | ||
| 019 | |a 52300606 | ||
| 022 | |y 1011-8063 |l 1011-8063 | ||
| 030 | |a SALIFC | ||
| 035 | |a (OCoLC)ocn654866710 | ||
| 035 | |a (OCoLC)654866710 |z (OCoLC)52300606 | ||
| 037 | |b Bureau for Scientific Publications P. O. Box 1758, Pretoria 0001, Republic of South Africa | ||
| 040 | |a OCLCE |b eng |c OCLCE |d TXU |d VPI |d OCLCQ |d TXA |d UtOrBLW | ||
| 041 | 0 | |a eng |a afr | |
| 049 | |a TXAM | ||
| 050 | 4 | |a P1.A1 |b S2 Electronic | |
| 082 | 0 | 4 | |a 410/.5 |2 20 |
| 245 | 0 | 0 | |a SA journal of linguistics : |b SA tydskrif vir taalkunde. |
| 246 | 1 | |a South African journal of linguistics | |
| 246 | 1 | |a South Africa journal of linguistics | |
| 246 | 1 | 1 | |a SA tydskrif vir taalkunde |
| 246 | 1 | |a Suid-Afrikaanse tydskrif vir Taalkunde | |
| 246 | 1 | 3 | |a SAJL |f <Feb. 1999>-Nov. 1999 |
| 246 | 1 | 3 | |a SATT |f <Feb. 1999>-Nov. 1999 |
| 264 | 1 | |a Bloemfontein, South Africa : |b Linguistic Society of Southern Africa, |c 1983- | |
| 264 | 4 | |c ©1999 | |
| 310 | |a Four issues a year | ||
| 336 | |a text |b txt |2 rdacontent | ||
| 337 | |a computer |b c |2 rdamedia | ||
| 338 | |a online resource |b cr |2 rdacarrier | ||
| 362 | 0 | |a Vol. 1, no. 1 (Oct. 1983)-v. 17, no. 4 (Nov. 1999). | |
| 500 | |a Issues for <May 1989>-Nov. 1999 have title: South African journal of linguistics = Suid-Afrikaanse tydskrif vir taalkunde. | ||
| 500 | |a Published: Pretoria : Bureau for Scientific Publications at the Foundation for Education, Science and Technology, <1989>-1999. | ||
| 546 | |a In English or Afrikaans. | ||
| 580 | |a Has supplements: SA journal of linguistics. Geleentheidsuitgawe, 1985-1990; Suid-Afrikaanse tydskrif vir taalkunde. Supplement, 1991-<1998> | ||
| 580 | |a Merged with: Southern African journal of applied language studies, to form: Southern African linguistics and applied language studies. | ||
| 588 | |a Description based on print version record. | ||
| 538 | |a Mode of access: World Wide Web. | ||
| 500 | |a Electronic resource. | ||
| 650 | 0 | |a Linguistics |v Periodicals. | |
| 650 | 0 | |a Afrikaans language |v Periodicals. | |
| 710 | 2 | |a Linguistic Society of Southern Africa. | |
| 710 | 2 | |a Foundation for Education, Science, and Technology (South Africa). |b Bureau for Scientific Publications. | |
| 730 | 0 | |a SA journal of linguistics. |p Geleentheidsuitgawe. | |
| 730 | 0 | |a Suid-Afrikaanse tydskrif vir taalkunde. |p Supplement. | |
| 770 | 1 | |t SA journal of linguistics. Geleentheidsuitgawe |g 1985-1990 | |
| 770 | 1 | |t Suid-Afrikaanse tydskrif vir taalkunde. Supplement |g 1991-<1998> | |
| 776 | 0 | 8 | |i Print version: |t SA journal of linguistics |x 1011-8063 |w (DLC) 90644259 |w (OCoLC)13714880 |
| 785 | 0 | 7 | |t Southern African journal of applied language studies |w (OCoLC)793811198 |
| 785 | 0 | 7 | |t Southern African linguistics and applied language studies (Online) |x 1727-9461 |w (OCoLC)61313422 |
| 948 | |a cataloged |b h |c 2012/12/6 |d c |e spoltoratski |f 1:36:41 pm |g sc | ||
| 994 | |a C0 |b TXA | ||
| 999 | |a MARS | ||
| 999 | f | f | |s 5cdacca9-c90a-374c-bb5a-afdee43f62b6 |i 155d7964-7a8b-3da1-8bea-0dbc780f5dac |t 0 |
| 952 | f | f | |a Texas A&M University |b College Station |c Electronic Resources |d Available Online |t 0 |e P1.A1 S2 |g Electronic |h Library of Congress classification |
| 998 | f | f | |a P1.A1 S2 |t 0 |l Available Online |